000 00423nam a22001697a 4500
003 OSt
005 20260320152510.0
008 260320b |||||||| |||| 00| 0 Pun d
020 _a9788119838646
040 _cBGL
100 _aਬੀਰੋਕੇ ਗੁਰਮੇਲ
245 _aਬਰਫੀਲੇ ਡਾਲਰ
260 _aDelhi
_bNavyug Publishers
_c2025
300 _a140p
650 _aPunjabi
942 _2ddc
_cGB
999 _c44316
_d44316